000 00476nam a2200121Ia 4500
008 231129s9999||||xx |||||||||||||| ||spa||
020 _a978-958-8439-29-7
082 _a930.1028586162 C796a
100 _aCórdoba Cely Diana Cristina
245 0 _aArqueologí­a visual de los discos giratorios protopastos
264 _aSan Juan de Pasto Colombia : Institución Universitaria Centro de Estudios Superiores Marí­a Goretti
942 _2ddc
_cBKS
999 _c5587
_d5587